Jak nazywają się partnerzy tych youtuberek. - Statystyki

Ogólne statystyki
  • Ten quiz został rozwiązany 264 razy
    232 od ostatniego zresetowania
  • Średni wynik to 8 z 14
Statystyki odpowiedzi
Youtuberka Parter % Poprawnych
Wersow Karol
100%
Pamela z Fitlovers Mateusz
93%
Marcysia Ryskala Mateusz
93%
Marcysia Mateusz
93%
Akiri Mateusz
93%
Julia Kostera Kacper
83%
Andziaks Łukasz
53%
Victoriabarbae Kamil
45%
Deynn Daniel
34%
Mishon Maciej
22%
Stylizacje Dariusz
20%
Paulinasoboń Bartłomiej
17%
Małgosia Heretyk Ernest
17%
Red Lipstick Monster Wojciech
13%
Nie znaleziono quizów pasujących do podanych kryteriów
Rozkład punktacji
Procent ludzi z każdym wynikiem
Percentyl według liczby udzielonych odpowiedzi
Twoja historia wyników
Nie rozwiązałeś tego quizu od ostatniego zresetowania